Teresa Cabarrús (Madame Tallien) / (Record no. 123970)

MARC details
000 -LEADER
campo de control de longitud fija 00708nam a2200205 i 4500
001 - NÚMERO DE CONTROL
campo de control 123970
003 - IDENTIFICADOR DE NÚMERO DE CONTROL
campo de control ES-MaACL
005 - FECHA Y HORA DE LA ÚLTIMA TRANSACCIÓN
campo de control 20250907063107.0
007 - CAMPO FIJO DE DESCRIPCIÓN FÍSICA--INFORMACIÓN GENERAL
campo de control de longitud fija t|
008 - DATOS DE LONGITUD FIJA--INFORMACIÓN GENERAL
campo de control de longitud fija 070214s1927 sp r ||||1| spa d
100 1# - ENTRADA PRINCIPAL--NOMBRE DE PERSONA
Nombre de persona Villa-Urrutia, Wenceslao Ramírez de Villa-Urrutia,
Títulos y otros términos asociados al nombre Marqués de,
Fechas asociadas al nombre 1850-1933
9 (RLIN) 114894
245 10 - MENCIÓN DEL TÍTULO
Título Teresa Cabarrús (Madame Tallien) /
Mención de responsabilidad, etc. Marqués de Villa-Urrutia.
260 ## - PUBLICACIÓN, DISTRIBUCIÓN, ETC.
Lugar de publicación, distribución, etc. Madrid :
Nombre del editor, distribuidor, etc. [s. n.],
Fecha de publicación, distribución, etc. 1927 (
Fabricante Tip. Artística)
300 ## - DESCRIPCIÓN FÍSICA
Extensión 173 p. :
Otras características físicas 3 retr. ;
Dimensiones 23 cm.
490 1# - MENCIÓN DE SERIE
Mención de serie Mujeres de antaño
600 17 - PUNTO DE ACCESO ADICIONAL DE MATERIA--NOMBRE DE PERSONA
Nombre de persona Cabarrús y Gelabert, Teresa,
Fechas asociadas al nombre 1773-1835
Fuente del encabezamiento o término
9 (RLIN) 157484
830 0# - PUNTO DE ACCESO ADICIONAL DE SERIE-TÍTULO UNIFORME
Título uniforme Mujeres de antaño
9 (RLIN) 218980
852 ## - LOCALIZACIÓN
Ubicación ES-MaACL
Número de control de estantería A-4604
Holdings
Estatus retirado Estado de pérdida Estado de daño No para préstamo Biblioteca de origen Biblioteca actual Ubicación en estantería Fecha de adquisición Fuente de adquisición Total de préstamos Signatura topográfica completa Código de barras Visto por última vez Precio de reemplazo Tipo de ítem Koha
        Biblioteca del Ateneo de Madrid Biblioteca del Ateneo de Madrid Sala Pecera Planta 1 17/01/2008     A-4604 1129158 23/02/2023 23/02/2023 Libro impreso